000 00493nam a2200181Ia 4500
003 GCL
008 140319s9999 xx 000 0 ara d
040 _aGCL /
_cGCL
082 0 4 _a001.5
_bس ب
100 1 _aسحر محمد وهبى
245 1 0 _aبحوث جامعية فى الاعلام /
_cسحر محمد وهبى
300 _a250
490 _a100 قصة
_v0
650 0 4 _aالصحافة
650 0 4 _aالاعلام
650 0 4 _aالرسائل الجامعية
942 _2ddc
_cBK
999 _c43442
_d43442